000 00566nam a2200193Ia 4500
999 _c1849
_d1849
003 OSt
005 20200922141511.0
008 190216s9999||||xx |||||||||||||| ||und||
020 _a9780070992818
040 _coclc
082 _a581.4
_bEAM/I
100 _aEames, Arthur J
_94812
245 0 _aAn Introduction To Plant Anatomy /
_cArthur J Eames ; L H Macdaniels
250 _a2nd Ed.
260 _bTata Mcgraw -hill Publishing,
_c2006.
_aNew Delhi:
300 _a427p
650 _aBotany
942 _cBK
_2ddc
_h581.4
_iEAM/I
_k581.4
_mEAM/I